Normal view
MARC view
Entry Personal Name
001 - CONTROL NUMBER
- control field: 55482
003 - CONTROL NUMBER IDENTIFIER
- control field: OSt
005 - DATE AND TIME OF LATEST TRANSACTION
- control field: 20160506152502.0
008 - FIXED-LENGTH DATA ELEMENTS
- fixed length control field: 160506|| aca||aabn | a|a d
040 ## - CATALOGING SOURCE
- Original cataloging agency: OSt
- Transcribing agency: OSt
100 ## - HEADING--PERSONAL NAME
- Personal name: केलकर, इंदुमति
670 ## - SOURCE DATA FOUND
- Source citation: Work cat.: (OSt)47336: केलकर, इंदुमति , डॉ. राममनोहर लोहिया जीवन और दर्शन , 2010









